TV Character by Surname II Quiz Stats

 Plays Quiz Updated May 20, 2015

Challenge
Share
Tweet
Embed
Score 0/24 Timer 05:00
1 Play Today
Surname First Name % Correct
TribbianiJoey
96.4%
HofstadterLeonard
74.2%
MosbyTed
68.9%
ScottMichael
64.3%
NahasapeemapetilonApu
60.5%
GibblerKimmy
52.2%
DelgadoManny
47.6%
SnowChrissy
41.4%
CaineHoratio
37.9%
PopeOlivia
36.6%
AllenBarry
30.9%
TylerRose
29.6%
Surname First Name % Correct
ChapmanPiper
29%
BeckettKate
27.4%
WatsonJoan
27.1%
TiptonLondon
22%
JonesCasey
20.5%
GrahamWill
20.2%
GilesRupert
18.8%
BarnesZoe
16.5%
MeyerSelina
15.1%
SchmidtWalden
12.6%
KlotzRoger
12.3%
LockhartDiane
10.3%

You're not logged in!

Compare scores with friends on all Sporcle quizzes.
OR
Log In

You Might Also Like...

Show Comments

Extras

Top Quizzes Today


Score Distribution

Your Account Isn't Verified!

In order to create a playlist on Sporcle, you need to verify the email address you used during registration. Go to your Sporcle Settings to finish the process.

Report this User

Report this user for behavior that violates our Community Guidelines.

Details: